|
|
|
|
| LEADER |
00000nam0a2200000 4500 |
| 001 |
326774 |
| 005 |
20231102003908.0 |
| 035 |
|
|
|a (RuTPU)RU\TPU\book\352434
|
| 090 |
|
|
|a 326774
|
| 100 |
|
|
|a 20170116d1977 m y0rusy50 ca
|
| 101 |
1 |
|
|a rus
|c eng
|
| 102 |
|
|
|a RU
|
| 105 |
|
|
|a a z 001zy
|
| 200 |
1 |
|
|a Эль-Кано : первый кругосветный мореплаватель
|e пер. с англ.
|f М. Митчелл
|
| 210 |
|
|
|a Москва
|c Мысль
|d 1977
|
| 215 |
|
|
|a 191 с.
|c ил.
|
| 225 |
1 |
|
|a Путешествия. Приключения. Поиск
|
| 320 |
|
|
|a Библиогр.: с. 190
|
| 606 |
|
|
|a Кругосветные путешествия
|2 stltpush
|3 (RuTPU)RU\TPU\subj\16561
|9 42526
|
| 610 |
1 |
|
|a мореплаватели
|
| 610 |
1 |
|
|a жизнь
|
| 610 |
1 |
|
|a экспедиции
|
| 675 |
|
|
|a 910.4
|v 4
|
| 700 |
|
1 |
|a Митчелл
|b М.
|g Мейрин
|
| 801 |
|
1 |
|a RU
|b 63413507
|c 20170116
|
| 801 |
|
2 |
|a RU
|b 63413507
|c 20191107
|g RCR
|
| 942 |
|
|
|c BK
|